[Event "CZE-ch Open 2018"]
[Site "Ostrava"]
[Date "2018.04.28"]
[Round "1"]
[White "Kolar, Stanislav"]
[Black "Voloshin, Leonid"]
[Result "0-1"]
[WhiteElo "2091"]
[BlackElo "2370"]
[Annotator "TA"]
[PlyCount "110"]
[EventDate "2018.??.??"]
[EventCountry "CZE"]
[SourceTitle "playchess.com"]
[Source "ChessBase"]
[SourceQuality "1"]

{[%evp 9,110,0,0,0,-3,-2,-5,-10,0,0,5,-4,-2,3,1,0,7,-5,0,-1,5,0,0,3,8,8,24,14,10,18,17,0,0,-10,0,-34,-31,-132,-108,-109,-128,-176,-175,-170,-160,-236,-115,-205,-202,-208,-188,-205,-204,-265,-265,-320,-279,-432,-413,-433,-417,-390,-235,-243,-219,-283,-283,-283,-283,-283,-283,-329,-311,-270,-270,-367,-263,-306,-263,-495,-491,-502,-453,-788,-669,-736,-744,-1829,-1711,-1772,-1815,-1747,-1629,-1616,-1527,-1793,-1757,-29987,-29988,-29988,-29989,-29988,-29985]} 1. Nf3 d5 2. e3 c5 3. Bb5+ (3. b3 Nc6 4. Bb2 Nf6 5. Bb5 Bd7 6. O-O e6 7. d3 Bd6 8. Bxc6 Bxc6 9. Ne5 Qc7 10. f4 O-O-O 11. Nd2 Kb8 12. Qe2 Rhg8 13. c4 Ka8 14. Rac1 d4 15. exd4 cxd4 16. Ndf3 Bxf3 17. Rxf3 g5 18. c5 Bxe5 19. Qxe5 Qxe5 20. fxe5 {1-0 (50) Alekseev,E (2616)-Eljanov,P (2711) Riadh 2017}) 3... Bd7 4. Qe2 a6 5. Bxd7+ Qxd7 6. b3 {A06: Réti Opening:1 Nf3 d5} Nc6 7. Bb2 Nf6 8. d3 $146 {The position is equal.} ({Predecessor:} 8. O-O g6 9. c4 Bg7 10. cxd5 Qxd5 {½-½ (33) Markidis,K (2376)-Sidiropoulos,N (1949) Achaia 2013}) 8... g6 9. O-O Bg7 10. Ne5 Nxe5 11. Bxe5 O-O 12. Nd2 Rfd8 13. f4 Rac8 14. a4 b6 15. Rfd1 Ne8 16. Nf3 f6 17. Bb2 Qd6 18. c4 Nc7 19. d4 cxd4 20. Ba3 Qd7 21. exd4 Re8 22. Rac1 dxc4 23. Rxc4 (23. bxc4 $15 Qxa4 24. Rd3) 23... b5 $17 24. axb5 axb5 25. Rc2 Nd5 {White must now prevent ...Rxc2.} 26. Rxc8 Rxc8 27. Qd2 (27. Rf1 $17) 27... Qg4 (27... Bh6 $19 28. Bc5 Bxf4) 28. Rc1 {[#]} (28. Re1 $17 {keeps fighting.}) 28... Ra8 $1 $19 {[%cal Ra8a3]} 29. Bc5 Bh6 ({But not} 29... Nxf4 30. Rd1 $17) 30. Re1 Bxf4 31. Qf2 {[#]} Ra1 $1 {[%mdl 512] aiming for ...Be3.} 32. h3 (32. Rxa1 Be3) 32... Qe6 ({Don't do} 32... Rxe1+ 33. Qxe1 Qd7 34. Qe4 $19) 33. Qf1 {[#]} ({Much weaker is} 33. Rxa1 Be3 $19) (33. Kh1 $142 Rxe1+ 34. Qxe1) 33... Qe3+ $1 {[%mdl 512]} 34. Kh1 (34. Rxe3 Bxe3+) 34... Rxe1 35. Qxe1 Qxe1+ 36. Nxe1 {[%mdl 4096] Endgame KBN-KBN} Kf7 37. Kg1 Be3+ 38. Kf1 e5 39. Nc2 {[#]} e4 $1 40. Ke2 Bc1 41. Kd1 Bb2 42. Kd2 Ke6 43. g3 f5 {[%cal Bf6f5,Bf5f4][%mdl 32]} 44. Ke2 $2 (44. h4 {was forced.}) 44... g5 45. Kf2 h5 46. Ba7 (46. Ba3 $142 Bxa3 47. Nxa3) 46... f4 47. Bb8 Kf5 48. Be5 e3+ 49. Kg2 Ke4 50. gxf4 Nxf4+ 51. Kh2 Ne6 52. Bf6 Nxd4 53. Ne1 Bc3 {Black mates.} 54. Bxd4 Bxe1 55. Bc5 e2 {Precision: White = 30%, Black = 72%.} 0-1

[Event "CZE-ch Open 2018"]
[Site "Ostrava"]
[Date "2018.04.28"]
[Round "1"]
[White "Havelka, Ondrej"]
[Black "Rubes, Jan"]
[Result "0-1"]
[WhiteElo "2041"]
[BlackElo "2337"]
[Annotator "TA"]
[PlyCount "120"]
[EventDate "2018.??.??"]
[EventCountry "CZE"]
[SourceTitle "playchess.com"]
[Source "ChessBase"]
[SourceQuality "1"]

{[%evp 13,120,0,0,-10,-8,0,7,-32,39,23,38,30,27,-20,0,-34,0,-54,-35,-20,-7,0,0,-51,-22,-41,-20,-31,-17,-30,-14,-23,-10,-52,-48,-42,-38,-139,-127,-132,-142,-154,-154,-154,-108,-186,-185,-190,-85,-91,-39,-173,-15,-15,0,-12,-18,-25,-28,-448,-446,-463,-480,-464,-478,-466,-455,-414,-268,-258,-258,-266,-230,-237,-233,-218,-209,-262,-261,-251,-246,-271,-264,-276,-269,-320,-308,-357,-356,-393,-365,-484,-369,-381,-372,-352,-331,-325,-328,-538,-582,-796,-797,-754,-744,-5700,-5130,-5130,-5130]} 1. d4 Nf6 2. c4 e6 3. Nc3 Bb4 4. e3 O-O 5. Nge2 d5 6. a3 Be7 7. Ng3 b6 8. Bd3 {E46: Nimzo-Indian: Rubinstein: 4 e3 0-0 5 Ne2 without early Bd3} dxc4 9. Bxc4 Bb7 10. O-O {The position is equal.} Nbd7 (10... c5 $15) 11. e4 $14 c5 12. e5 $146 ({Predecessor:} 12. d5 Ne5 13. Ba2 exd5 14. exd5 c4 15. Qe2 Bd6 {0-1 (39) Benitah,Y (2265)-Berend,F (2425) France 1996}) 12... Ne8 13. Nce4 Qc7 14. f4 {Threatening d5.} Rd8 (14... cxd4 $5 {[%cal Rc7c4]} 15. Qe2 (15. Qxd4 Qc6 $17) 15... Rc8 $17) 15. Bd3 ({White should play} 15. Qe2 $11) 15... cxd4 16. b4 f5 17. exf6 $1 Ndxf6 18. Bd2 (18. Ng5 $11 Qd6 19. Re1) 18... g6 19. Qe2 Bd5 $36 {[%mdl 2048] Black is pushing.} 20. Rac1 Qb7 21. Ng5 Ng7 22. Ba6 Qa8 23. Rc7 Bd6 24. Rcc1 Bb8 25. Rfe1 ({Better is} 25. Bd3 $15) 25... h6 $17 26. Nf3 Bxf3 27. gxf3 Nd5 28. f5 {[%cal Bf4f5,Bf5e6,Be6e7][%mdl 32]} Nf4 29. Bxf4 (29. Qe4 $17 Qxe4 30. fxe4) 29... Bxf4 $19 30. fxe6 {e7 is the strong threat.} Bxc1 (30... Rde8 $19 {is more deadly.} 31. Rcd1 Be3+ 32. Kh1 Nxe6) 31. Rxc1 $17 {[#] Hoping for e7.} Rde8 ({Much worse is} 31... Rxf3 32. e7 $11) ({Black should try} 31... Rfe8 $1 $17 32. e7 Rd7 33. Qc4+ Kh8) 32. Rc7 {[#]} ({White has to play} 32. e7 $15 Rxf3 33. Bb5) 32... Qxf3 $2 (32... Qd8 $1 $19 {[%cal Rd8c7]} 33. Rxa7 Re7 34. Rxe7 Qxe7) 33. e7 $11 Rf6 {Strongly threatening ...Qf4.} 34. Bc4+ Kh8 {White must now prevent ...Qxe2.} 35. Qxf3 $1 Rxf3 36. Ne4 $2 {[%mdl 8192]} (36. Bb5 $1 $11 Rg8 37. Rxa7) 36... Nf5 $19 37. Nf6 Rxe7 38. Rc8+ Kg7 {( -> ...Re1+)} 39. Ne8+ {[#]} Rxe8 $1 40. Rxe8 {[%mdl 4096] Endgame KRB-KRN} Nd6 41. Rg8+ Kh7 42. Bd5 Rxa3 43. Rd8 Nf5 44. Rd7+ Ng7 45. Bc4 h5 46. Rxd4 Nf5 47. Rd7+ Kh6 48. b5 Kg5 49. Bd3 Kf4 50. Kf2 Ra2+ 51. Be2 h4 52. Ke1 g5 53. h3 Ke5 54. Bg4 Nd4 55. Rf7 Ke4 56. Rg7 $2 (56. Re7+ Kf4 57. Rf7+ Kg3 58. Rg7) 56... Nc2+ {Black is clearly winning.} 57. Kd2 Ne3+ 58. Kc3 Nxg4 59. Rxg5 Ne5 60. Rh5 Ra3+ {Precision: White = 29%, Black = 53%.} 0-1

[Event "CZE-ch Open 2018"]
[Site "Ostrava"]
[Date "2018.04.28"]
[Round "1"]
[White "Malinovsky, Petr"]
[Black "Obsivac, Josef"]
[Result "1-0"]
[WhiteElo "2006"]
[BlackElo "2330"]
[Annotator "TA"]
[PlyCount "61"]
[EventDate "2018.??.??"]
[EventCountry "CZE"]
[SourceTitle "playchess.com"]
[Source "ChessBase"]
[SourceQuality "1"]

{[%evp 14,61,17,18,18,18,18,16,9,-5,-10,-8,0,-17,-7,-7,0,0,0,0,10,-17,-17,-12,0,0,33,31,34,26,20,33,53,58,53,57,101,0,15,6,5,0,83,85,158,166,149,152,154,150]} 1. d4 d5 2. c4 c6 3. e3 Nf6 4. Nf3 Bf5 5. Bd3 Bxd3 6. Qxd3 e6 7. O-O Nbd7 8. b3 {LiveBook: 21 Games. D12: Slav Defence: 3 Nf3 Nf6 4 e3 Bf5} a5 $146 ({Predecessor:} 8... Ne4 9. Nfd2 f5 10. f3 Nxd2 11. Nxd2 Bd6 12. e4 Qh4 13. g3 Bxg3 14. hxg3 Qxg3+ 15. Kh1 Qh3+ 16. Kg1 Qg3+ {½-½ (16) Aleksandrov,A (2601)-Caruana,F (2680) Rijeka 2010}) 9. Bb2 a4 10. Nbd2 {The position is equal.} Be7 11. e4 dxe4 12. Nxe4 O-O 13. Rfd1 Nxe4 14. Qxe4 Nf6 15. Qe2 Qa5 16. Ne5 Rfd8 17. Rd3 Nd7 {[%cal Bf6d7,Bd7f8,Bf8g6][%mdl 32]} 18. Ng4 Nf8 19. Rad1 Ng6 {[#] ...Nf4 is the strong threat.} 20. g3 axb3 21. axb3 Qb6 22. h4 {And now h5 would win.} Nf8 23. d5 cxd5 $1 24. cxd5 Ra2 25. dxe6 (25. R1d2 $16) 25... Nxe6 26. Rxd8+ $40 {[%mdl 128] White is up to no good.} Bxd8 27. Rd2 h5 (27... Qb4 $11 {remains equal.}) 28. Ne5 $16 Qc7 {[#]} (28... Qb4 $142) 29. Rd7 $1 {[%cal Rd7c7] White is clearly better.} ({But not} 29. Qxh5 $6 Rxb2 30. Rxb2 g6 $14) 29... Qc1+ 30. Bxc1 Rxe2 31. Be3 {Precision: White = 58%, Black = 29%.} ({Don't do} 31. Nxf7 $6 Bb6 $14) 1-0

[Event "CZE-ch Open 2018"]
[Site "Ostrava"]
[Date "2018.04.29"]
[Round "2"]
[White "Krejci, Jan"]
[Black "Jurek, Josef"]
[Result "1-0"]
[WhiteElo "2582"]
[BlackElo "2264"]
[Annotator "TA"]
[PlyCount "147"]
[EventDate "2018.??.??"]
[EventCountry "CZE"]
[SourceTitle "playchess.com"]
[Source "ChessBase"]
[SourceQuality "1"]

{[%evp 23,147,32,33,-15,0,-31,-20,-78,0,0,41,23,27,34,85,90,79,67,60,22,45,0,0,0,0,0,35,32,23,0,0,0,0,-27,0,0,0,0,10,24,45,40,51,44,88,77,86,90,96,85,96,101,105,111,115,105,174,173,167,164,175,171,201,197,211,158,150,136,197,197,209,209,208,207,261,256,247,218,213,94,260,158,151,158,144,149,147,118,410,152,159,64,64,0,153,120,120,120,120,120,120,120,120,120,120,120,120,120,120,120,120,120,120,120,120,120,120,110,117,112,120,120,120,120,4914,4631]} 1. Nf3 Nf6 2. d4 e6 3. c4 b6 4. a3 Ba6 5. Qc2 c5 6. d5 exd5 7. cxd5 g6 8. Nc3 Bg7 9. g3 O-O 10. Bg2 d6 11. O-O b5 {E12: Queen's Indian: Unusual White 4th moves, 4 a3, 4 Nc3 Bb7 5 a3 and 4 Nc3 Bb7} (11... Re8 12. Re1 b5 13. e4 Nbd7 14. Bf4 Qb6 15. Bf1 Ng4 16. a4 b4 17. Nb5 Nde5 18. Nxe5 Nxe5 19. Bxe5 Bxe5 20. f4 Bg7 21. Bc4 Rad8 22. Re2 Bc8 {0-1 (31) Gabriel,C (2514)-Meskovs,N (2524) Germany 2017}) 12. b4 Nbd7 {LiveBook: 7 Games} 13. Bb2 Qb6 {The position is equal.} 14. Rfe1 $146 ({Predecessor:} 14. Rad1 Rac8 15. Qb3 Rfe8 16. Nd2 Rc7 17. h3 Nh5 18. Kh2 f5 19. e3 {0-1 (58) Zatulovskaya,T (2160)-Alexandria,N (2340) Rio de Janeiro 1979}) 14... Bb7 15. Qd3 (15. bxc5 $11 {keeps the balance.} Qxc5 16. e4) 15... a5 (15... Ng4 $17 16. e3 a5) 16. bxc5 $1 $11 dxc5 (16... Nxc5 {is interesting.} 17. Qxb5 Nxd5 18. Rab1 Ba6 19. Qxb6 Nxb6 20. Nd2 Rab8) 17. Qxb5 Qxb5 18. Nxb5 Nxd5 (18... Bxd5 $14 19. Nd2 Rfb8 20. Bxd5 Nxd5 21. Bxg7 Rxb5) 19. Bxg7 $16 Kxg7 20. Nd2 Rab8 21. Nc4 Ne3 $1 {[%cal Re3c4]} 22. fxe3 Bxg2 23. Nbd6 Bd5 24. Nxa5 Ne5 25. Red1 Be6 26. Rdc1 Rb2 27. Rxc5 Ng4 28. h3 Nxe3 29. Kf2 $1 $36 {[%cal Rf2e3][%mdl 2048] White is pushing.} Nc2 30. Nac4 Nxa1 31. Nxb2 Rb8 32. Rb5 Ra8 33. a4 Nb3 34. Ke3 Na5 35. h4 Bd7 36. Rb6 Be6 37. Nd3 Nc4+ 38. Nxc4 Bxc4 {[%mdl 4096] Endgame KRB-KRN} 39. Rb4 Ba6 (39... Bd5 $16) 40. Nc5 $18 Bc8 41. Kd4 Bg4 42. e4 {[%cal Be2e4,Be4e5][%mdl 32]} Rd8+ 43. Ke3 Ra8 44. e5 Bh3 45. Rb6 Bg4 (45... h6 $16 {is a better defense.} 46. Rb7 Kf8) 46. Rb7 Kg8 47. Rb5 Bh3 48. Kf2 Rd8 49. a5 Rd2+ 50. Ke3 Ra2 51. Ne4 (51. a6 $18 {has better winning chances.}) 51... Bf1 $2 {[#]} (51... Ra3+ $16 52. Kd2 Kg7) 52. Rc5 Ra3+ 53. Kf2 Bh3 54. Nf6+ Kg7 55. g4 Ra4 $2 {[%mdl 8192]} (55... h5 $16 {was necessary.}) 56. g5 $2 (56. Kg3 $18 {is the precise move to win.} Ra3+ 57. Kh2) 56... h6 $16 57. Kg3 (57. Rd5 $16 {White threatens Rd8 and mate.} Rxh4 58. gxh6+ Kxh6 59. Kg3) 57... Ra3+ $14 58. Kf2 ({White should play} 58. Kf4 $14) 58... Ra4 $1 $16 59. Rb5 Rxh4 60. a6 Ra4 {[#]} 61. Rb8 $1 {[%csl Gf6][%cal Rb8g8]} hxg5 62. Rg8+ Kh6 63. Rh8+ Kg7 64. Rxh3 Rxa6 {KRN-KR} 65. Kf3 Ra4 66. Rh7+ Kf8 67. Rh8+ Kg7 68. Rd8 Rf4+ 69. Kg3 Ra4 70. Rb8 Ra5 71. Re8 {Kg4 is the strong threat.} Ra4 72. Re7 Kf8 73. Rb7 {Threatens to win with Nh7+.} Rc4 $2 {[%mdl 8192]} (73... Kg7 $16 74. Ne8+ Kf8) 74. Nh7+ {Precision: White = 55%, Black = 48%.} 1-0

[Event "CZE-ch Open 2018"]
[Site "Ostrava"]
[Date "2018.04.29"]
[Round "2"]
[White "Plat, Vojtech"]
[Black "Cerveny, Martin"]
[Result "1/2-1/2"]
[WhiteElo "2566"]
[BlackElo "2379"]
[Annotator "TA"]
[PlyCount "118"]
[EventDate "2018.??.??"]
[EventCountry "CZE"]
[SourceTitle "playchess.com"]
[Source "ChessBase"]
[SourceQuality "1"]

{[%evp 14,118,12,-1,3,-17,-9,-25,9,9,11,6,32,6,31,15,28,13,53,53,59,9,30,0,0,0,0,0,12,0,0,0,0,-5,-6,-9,0,0,0,0,6,-12,-16,-9,-15,-29,0,0,0,0,0,-13,-13,-13,-13,-20,0,-33,-8,-8,0,0,0,0,47,47,47,47,47,47,47,47,47,47,47,47,47,47,47,47,47,47,47,47,47,0,0,0,0,0,0,0,0,0,0,0,0,0,0,0,0,0,0,0,0,0,0]} 1. e4 c5 2. Nf3 d6 3. d4 cxd4 4. Nxd4 Nf6 5. Nc3 a6 6. Bc4 e6 7. O-O Be7 8. Re1 O-O {B86: Sicilian Scheveningen/Najdorf: 6 Bc4, without early ...b5} 9. f4 (9. a3 b5 10. Ba2 Bb7 11. f4 Qc7 12. g4 d5 13. exd5 Rd8 14. dxe6 Rxd4 15. exf7+ Kf8 16. Qe2 {0-1 (23) Bauer,C (2625)-Donchenko,A (2568) Germany 2015}) 9... Nc6 10. Be3 Bd7 {Black has an edge.} 11. Bb3 Rc8 12. Qf3 Qa5 13. h3 $146 ({Predecessor:} 13. Rad1 Nxd4 14. Bxd4 e5 15. Nd5 Nxd5 16. exd5 {0-1 (42) Amalio,A-Reis,L Lisbon 1997}) 13... b5 14. a3 Nxd4 15. Bxd4 b4 16. axb4 Qxb4 17. Bf2 a5 18. Qe3 d5 $36 {[%mdl 2048] Black has some pressure.} 19. exd5 Bc5 20. Qf3 {[%cal Rd5e6]} exd5 21. Red1 d4 22. Nd5 Nxd5 23. Bxd5 a4 24. f5 Qxb2 25. f6 d3 ({Not} 25... Qxc2 $2 26. fxg7 Kxg7 27. Rac1 $18) 26. fxg7 Qxg7 27. cxd3 Bd4 28. Bxd4 Qxd4+ 29. Kh1 Rc5 30. Qg3+ Kh8 $1 31. Qd6 {[%cal Rd6f8] [#]} Ra8 32. Qxc5 Qxc5 33. Bxa8 Qd4 34. Bf3 Be6 35. Rdc1 Bb3 36. Bd1 $1 Qxd3 {[#] aiming for ...Bd5.} 37. Bxb3 $1 axb3 $11 {[%mdl 4096] Endgame KQ-KRR} ({Don't play} 37... Qxb3 $6 38. Rc8+ Kg7 39. Ra8 $16) 38. Rab1 Kg7 39. Rb2 $1 h5 40. Rcb1 h4 41. Rxb3 Qc2 $1 42. R3b2 Qd3 $1 43. Rc1 {And now Rb4 would win.} Kg6 44. Rb4 Kh5 $1 45. Rg4 {Strongly threatening Rcc4.} f5 $1 {[%cal Rf5g4]} 46. Rg8 Qe2 47. Rg1 Qe4 48. Rf1 Qd3 49. Rf4 Qd1+ {The position is equal.} 50. Kh2 Qd6 51. Rh8+ Kg5 52. Rhxh4 {Threatens to win with g3.} Qxf4+ 53. Rxf4 Kxf4 {KPP-KP} 54. g3+ Kf3 55. h4 Kg4 $1 56. Kg2 f4 57. gxf4 Kxf4 58. h5 {Black must now prevent h6.} Kg5 59. h6 Kxh6 {Precision: White = 70%, Black = 58%.} 1/2-1/2

[Event "CZE-ch Open 2018"]
[Site "Ostrava"]
[Date "2018.04.29"]
[Round "2"]
[White "Cvek, Robert"]
[Black "Toman, Jaroslav"]
[Result "1-0"]
[WhiteElo "2505"]
[BlackElo "2233"]
[Annotator "TA"]
[PlyCount "59"]
[EventDate "2018.??.??"]
[EventCountry "CZE"]
[SourceTitle "playchess.com"]
[Source "ChessBase"]
[SourceQuality "1"]

{[%evp 17,59,6,13,0,4,4,37,37,39,31,56,40,62,69,71,64,77,62,65,62,87,68,87,92,90,92,90,75,132,142,124,127,125,125,135,115,130,107,119,116,131,132,29989,29990]} 1. Nf3 c5 2. g3 g6 3. Bg2 Bg7 4. O-O Nc6 5. c4 e5 6. Nc3 Nge7 7. a3 O-O 8. Rb1 d5 9. cxd5 Nxd5 10. Nxd5 {A37: Symmetrical English vs ...g6: 4 Bg2 Bg7 5 Nf3} Qxd5 11. d3 $1 Qd7 $146 ({Predecessor:} 11... e4 12. dxe4 Qxe4 13. Be3 Qe7 14. Qa4 Bd7 15. Qh4 Qxh4 16. Nxh4 Nd4 17. Bxd4 cxd4 18. Bxb7 {1-0 (66) Radjabov,T (2734)-Grischuk,A (2810) Beijing 2014}) 12. b4 {White is slightly better.} cxb4 13. axb4 b5 14. Nd2 a5 15. bxa5 $1 Rxa5 16. Ne4 Nd4 17. Bd2 Ra7 18. Bb4 Rd8 19. Bc5 Ra6 {[#]} 20. Bxd4 $1 Qxd4 21. Rxb5 Ra3 22. Qc1 Ba6 (22... Ra7 $142) 23. Rd5 $16 Rxd5 24. Qxa3 Bc8 25. Rb1 $36 {[%cal Bf1b1,Bb1b8,Bb8b7][%mdl 2080] Threatens to win with Rb4. White is on the roll.} Rd8 26. Rb8 Bf5 27. Rb7 Bxe4 28. Bxe4 Bf8 29. Qa5 Bd6 $2 {[%mdl 8192] [#]} (29... Qd6 $16 30. Rb6 Qe7) 30. Qxd8+ {Precision: White = 90%, Black = 46%.} 1-0

[Event "CZE-ch Open 2018"]
[Site "Ostrava"]
[Date "2018.04.29"]
[Round "2"]
[White "Malinovsky, Karel"]
[Black "Lechtynsky, Jiri"]
[Result "1/2-1/2"]
[WhiteElo "2481"]
[BlackElo "2349"]
[Annotator "TA"]
[PlyCount "76"]
[EventDate "2018.??.??"]
[EventCountry "CZE"]
[SourceTitle "playchess.com"]
[Source "ChessBase"]
[SourceQuality "1"]

{[%evp 20,76,0,4,39,25,27,30,28,18,25,8,17,23,33,25,31,8,12,10,8,8,30,21,26,0,13,0,0,0,0,0,0,0,0,0,0,0,0,0,0,0,11,0,0,0,0,0,0,0,0,0,0,0,0,0,0,0,0]} 1. e4 e6 2. d4 d5 3. Nd2 c5 4. exd5 Qxd5 5. dxc5 Bxc5 6. Ngf3 Nf6 7. Bc4 Qc6 {C07: French Tarrasch: 3...c5, 4 Ngf3 and 4 exd5 Qxd5} 8. Qe2 a6 (8... O-O 9. Nb3 Nbd7 10. Bf4 Bd6 11. Nbd4 Qb6 12. Bxd6 Qxd6 13. O-O-O Qf4+ 14. Kb1 Nb6 15. Bb3 {0-1 (28) Naiditsch,A (2705)-Le,Q (2737) Riadh 2017}) 9. Bd3 Nbd7 10. O-O O-O 11. Ne4 {LiveBook: 6 Games} Be7 12. Bg5 (12. Nxf6+ {is more complex.} Nxf6 13. Bg5 Rd8 14. Ne5 Qc7 15. Rfe1) 12... h6 13. Bh4 Nd5 14. Bxe7 Nxe7 {[#]} 15. Rad1 $146 ({Predecessor:} 15. Rfd1) 15... Nd5 16. c4 Nf4 17. Qe3 Nxd3 18. Qxd3 Nc5 19. Nxc5 Qxc5 20. Qe4 Rb8 21. Qf4 Ra8 22. Qe4 Rb8 {The position is equal.} 23. Qe5 Qxe5 24. Nxe5 f6 25. Nd7 Bxd7 $1 26. Rxd7 $11 {[%mdl 4096] Endgame KRR-KRR} Rfd8 27. Rfd1 Rxd7 28. Rxd7 {KR-KR} Rc8 29. Rxb7 {aiming for b3.} Rxc4 {[%cal Rc4c1] [#]} 30. g3 e5 31. h4 h5 32. b3 Rc2 33. a4 a5 34. Rb5 Rb2 35. Kg2 Kf7 36. Rb7+ Kg6 37. Kf3 Kf5 38. Rb5 g6 {Precision: White = 67%, Black = 75%.} 1/2-1/2

[Event "CZE-ch Open 2018"]
[Site "Ostrava"]
[Date "2018.04.29"]
[Round "2"]
[White "Haba, Petr"]
[Black "Michenka, Jozef"]
[Result "1-0"]
[WhiteElo "2454"]
[BlackElo "2328"]
[Annotator "TA"]
[PlyCount "81"]
[EventDate "2018.??.??"]
[EventCountry "CZE"]
[SourceTitle "playchess.com"]
[Source "ChessBase"]
[SourceQuality "1"]

{[%evp 20,81,19,19,77,86,84,85,85,85,73,82,77,81,88,83,88,88,91,81,120,85,106,82,82,81,95,76,76,75,79,84,101,114,133,64,64,0,0,0,0,0,19,29,40,22,23,29,20,22,20,0,35,34,41,0,14,-50,313,308,294,297,427,397]} 1. e4 c5 2. Nf3 d6 3. d4 cxd4 4. Nxd4 Nf6 5. Nc3 a6 6. Be2 e5 7. Nb3 Be7 8. O-O O-O 9. Kh1 b5 10. a4 Bb7 11. Nd5 Nbd7 {B92: Sicilian Najdorf: 6 Be2} (11... Bxd5 $11 12. exd5 b4) 12. Nxe7+ $16 Qxe7 13. f3 bxa4 {White is better.} 14. Na5 Nc5 15. Nxb7 Nxb7 16. Rxa4 {[#]} a5 $146 ({Predecessor:} 16... Nc5 17. Ra1 Rfb8 18. b3 a5 19. Be3 {1-0 (41) Khalifman,A (2635)-Loginov,V (2550) St Petersburg 1995}) 17. Be3 Rfc8 18. Qd2 Qc7 19. Rc4 Qd7 20. Ra1 h6 21. h3 d5 22. exd5 Qxd5 23. Qxd5 Nxd5 24. Bd2 Rxc4 25. Bxc4 Nb6 26. Bd3 a4 27. f4 (27. Be4 $16 Rb8 28. Bb4) 27... exf4 $14 28. Be4 (28. Bxf4 $14 Nd5 29. Bh2) 28... Rd8 $11 29. Bxf4 Rd4 30. Re1 {[#] c3 is the strong threat.} Nc5 31. Bf5 {[%cal Re1e8]} Ne6 32. Be5 Rd5 33. Bd3 Nc5 34. Bf1 Rd2 35. Rc1 Ne4 36. Kg1 Nd5 37. c4 Ne3 38. c5 ({White should play} 38. Re1 $11 Nxf1 39. Rxe4) 38... Nxc5 $2 {[%mdl 8192] [#]} (38... Nxf1 $15 {stays ahead.} 39. Bf4 Nfg3 40. Bxd2 Ne2+ 41. Kf1 Nxc1 42. Bxc1 Nxc5) 39. Bf4 $1 $18 {[%cal Rf4e3]} ({Weaker is} 39. Rxc5 Rd1 $14) 39... Nxf1 40. Bxd2 ({Inferior is} 40. Rxc5 Rd4 $11) 40... Nb3 (40... Nxd2 {might work better.} 41. Rxc5 Kf8) 41. Rc8+ {Precision: White = 58%, Black = 61%.} ({Much less strong is} 41. Rxf1 Nxd2 42. Rf4 Kf8 $18) 1-0

[Event "CZE-ch Open 2018"]
[Site "Ostrava"]
[Date "2018.04.29"]
[Round "2"]
[White "Biolek, Richard"]
[Black "Hausner, Ivan"]
[Result "1/2-1/2"]
[WhiteElo "2447"]
[BlackElo "2334"]
[Annotator "TA"]
[PlyCount "65"]
[EventDate "2018.??.??"]
[EventCountry "CZE"]
[SourceTitle "playchess.com"]
[Source "ChessBase"]
[SourceQuality "1"]

{[%evp 13,65,43,63,67,56,72,72,60,62,85,64,72,81,10,8,-26,-41,-22,-22,-27,-42,-37,-20,-27,-34,-26,-34,-70,-68,-60,-59,-75,-70,-64,-60,-65,-69,-56,-18,-18,-14,-16,-16,-18,-15,-15,-14,-16,-16,-27,-18,-9,0,-22]} 1. e4 c5 2. Nf3 Nf6 3. Nc3 d5 4. exd5 Nxd5 5. Bb5+ Nc6 6. O-O Nxc3 {B29: Sicilian: 2 Nf3 Nf6 (Nimzowitsch Variation)} 7. bxc3 Bd7 {LiveBook: 3 Games} 8. d4 e6 {White is slightly better.} 9. d5 exd5 10. Qxd5 $146 ({Predecessor:} 10. Re1+ Be7 11. Bg5 Be6 12. c4 dxc4 13. Bxc6+ bxc6 14. Qc1 {0-1 (27) Zezulkin,J (2558)-Hausner,I (2419) Czechia 2004}) 10... Be7 11. Rd1 {[#] And now Ng5 would win.} a6 12. Ng5 {[%csl Gg5][%cal Rd5f7]} ({Reject} 12. Bc4 Be6 $11) 12... O-O 13. Bc4 ({Better is} 13. Bf1 $16 Bxg5 14. Bxg5) 13... Bg4 $11 14. Qxd8 Raxd8 15. Rxd8 Rxd8 16. Bf4 Bh5 17. Bd3 h6 18. Ne4 Bg6 19. f3 $1 b5 20. Nf2 Bxd3 21. cxd3 b4 22. Rc1 bxc3 23. Rxc3 Nb4 24. a3 Nd5 25. Rc4 Nxf4 26. Rxf4 $15 {[%mdl 4096] Endgame KRB-KRN} Rb8 {[#] White must now prevent ...Rb1+.} 27. Kf1 $1 Rb1+ 28. Ke2 Rb2+ 29. Kf1 $1 Bf6 {Threatens to win with ...Bd4.} 30. Rc4 Bd4 31. Ne4 Rb1+ 32. Ke2 Rb2+ 33. Kf1 {Precision: White = 76%, Black = 68%.} 1/2-1/2

[Event "CZE-ch Open 2018"]
[Site "Ostrava"]
[Date "2018.04.29"]
[Round "2"]
[White "Kraus, Tomas"]
[Black "Nedela, Vlastimil"]
[Result "1-0"]
[WhiteElo "2429"]
[BlackElo "2307"]
[Annotator "TA"]
[PlyCount "53"]
[EventDate "2018.??.??"]
[EventCountry "CZE"]
[SourceTitle "playchess.com"]
[Source "ChessBase"]
[SourceQuality "1"]

{[%evp 11,53,36,47,62,51,55,43,34,28,31,35,30,32,38,32,34,56,64,51,41,46,35,59,76,136,117,122,131,115,129,223,224,349,343,552,551,527,541,528,341,341,341,334,334]} 1. d4 Nf6 2. Nf3 g6 3. Nbd2 d5 4. b4 (4. e3 Nc6 5. b3 Bg7 6. Bb2 O-O 7. Be2 a5 8. a3 b6 9. O-O e6 10. c4 Ne7 11. cxd5 exd5 {½-½ (38) So,W (2792)-Svidler,P (2768) Wijk aan Zee 2018}) 4... a5 5. b5 a4 6. e3 {D02: 1 d4 d5 2 Nf3 sidelines, including 2...Nf6 3 g3 and 2...Nf6 3 Bf4} Bg7 {LiveBook: 3 Games} 7. Ba3 O-O 8. Rc1 $146 {White is slightly better.} ({Predecessor:} 8. c4 c6 9. cxd5 cxd5 10. Bd3 Nbd7 11. O-O Re8 12. Rc1 e5 13. dxe5 {1-0 (28) Koellner,R (2103)-Van Meegen,R (2201) Dortmund 2016}) 8... c6 9. c4 Re8 10. Be2 dxc4 11. Bxc4 cxb5 12. Bxb5 Bd7 13. Qe2 Nd5 14. Bc4 Nb6 15. Bd3 Nc6 16. Ne4 Nd5 17. O-O $36 {[%mdl 2048] White is really pushing.} Ncb4 {[#]} ({Black should try} 17... Bf5) 18. Bc4 $1 $16 b5 19. Bxb5 Bxb5 20. Qxb5 Ra5 (20... Qa5 $16 21. Qxa5 Rxa5) 21. Qc4 $18 Qb8 (21... Na6 $142 22. Rfd1 Nac7) 22. Rb1 Rb5 $2 (22... Qb5 23. Rxb4 Nxb4 24. Qxb4 Qxb4 25. Bxb4 Raa8) 23. Bxb4 Rxb4 24. Rxb4 Nxb4 25. Rb1 Qa8 26. Rxb4 Qxe4 {[#]} 27. Qxf7+ $1 {[%mdl 512] Precision: White = 88%, Black = 61%.} 1-0